|
|
|
|
| LEADER |
02086nam a2200469 i 4500 |
| 001 |
EBC1727151 |
| 003 |
MiAaPQ |
| 005 |
20200903223051.0 |
| 006 |
m o d | |
| 007 |
cr cnu|||||||| |
| 008 |
150131t20152015gw o 001 0 ger d |
| 020 |
|
|
|z 9783110377163
|
| 020 |
|
|
|a 9783110400724
|q (electronic bk.)
|
| 020 |
|
|
|a 9783110400762
|q (electronic bk.)
|
| 035 |
|
|
|a (MiAaPQ)EBC1727151
|
| 035 |
|
|
|a (Au-PeEL)EBL1727151
|
| 035 |
|
|
|a (CaPaEBR)ebr11006411
|
| 035 |
|
|
|a (CaONFJC)MIL807236
|
| 035 |
|
|
|a (OCoLC)908079966
|
| 040 |
|
|
|a MiAaPQ
|b eng
|e rda
|e pn
|c MiAaPQ
|d MiAaPQ
|
| 043 |
|
|
|a e-ge---
|
| 050 |
|
4 |
|a DD261.4
|b .S695 2015
|
| 082 |
0 |
|
|a 943.1087
|2 23
|
| 245 |
0 |
0 |
|a Sowjetische kommandanturen und deutsche verwaltung in der SBZ und fruhen DDR :
|b dokumente /
|c herausgegeben von Jan Foitzik.
|
| 264 |
|
1 |
|a Berlin, [Germany] :
|b De Gruyter Oldenbourg,
|c 2015.
|
| 264 |
|
4 |
|c 2015
|
| 300 |
|
|
|a 1 online resource (639 pages).
|
| 336 |
|
|
|a text
|2 rdacontent
|
| 337 |
|
|
|a computer
|2 rdamedia
|
| 338 |
|
|
|a online resource
|2 rdacarrier
|
| 490 |
1 |
|
|a Texte und Materialien zur Zeitgeschichte,
|x 2192-0893 ;
|v Band 19
|
| 500 |
|
|
|a Includes index.
|
| 588 |
|
|
|a Description based on online resource; title from PDF title page (ebrary, viewed January 31, 2015).
|
| 590 |
|
|
|a Electronic reproduction. Ann Arbor, MI : ProQuest, 2016. Available via World Wide Web. Access may be limited to ProQuest affiliated libraries.
|
| 651 |
|
0 |
|a Germany (East)
|x Politics and government.
|
| 651 |
|
0 |
|a Germany (East)
|x Politics and government
|v Sources.
|
| 655 |
|
4 |
|a Electronic books.
|
| 700 |
1 |
|
|a Foitzik, Jan,
|e editor.
|
| 776 |
0 |
8 |
|i Print version:
|t Sowjetische kommandanturen und deutsche verwaltung in der SBZ und fruhen DDR : dokumente.
|d Berlin, [Germany] : De Gruyter Oldenbourg, c2015
|h vi, 632 pages
|k Texte und Materialien zur Zeitgeschichte ; Band 19.
|z 9783110377163
|
| 797 |
2 |
|
|a ProQuest (Firm)
|
| 830 |
|
0 |
|a Texte und Materialien zur Zeitgeschichte ;
|v Band 19.
|
| 856 |
4 |
0 |
|u https://ebookcentral.proquest.com/lib/matrademy/detail.action?docID=1727151
|z Click to View
|